000 00868nam a22003017a 4500
001 BR9802154
003 BR-BrBNA
005 20230928095904.0
007 ta
008 230509b bl.||||| |||| 00| 0 por d
040 _aBR-BrBNA
_bpor
_cBiblioteca Nacional de Agricultura
041 _a(Eng)
072 _aF08
_b0336
_b0180
090 _ 0336 BR9802154
100 1 _aFlesch, R D.
110 1 _aIowa State Univ., Ames (USA)
_0Tese (Doctor of Philosophy)
_96624
245 1 _aWheat-soybean relay intercropping: temporal and spatial effects
260 3 _aAmes (USA):
_c1994.
300 _a113 p.
500 _aSummary (Eng); 30 tables; Bibliography p. 88-94
650 _aSoja
650 _aTrigo
650 _aConsorciacao de Cultura
650 _aPratica Cultural
650 _aProducao Vegetal
909 _a202309
_bLucia
_c55
_dLucia Elande
942 _cBK
999 _c59234
_d59234